Dharam Shastar (Record no. 18080)

MARC details
000 -LEADER
fixed length control field 00594nam a2200241 a 4500
020 ## - INTERNATIONAL STANDARD BOOK NUMBER
ISBN
082 00 - DEWEY DECIMAL CLASSIFICATION NUMBER
Classification number 220.543
Author Cutter BIB
100 ## - MAIN ENTRY--AUTHOR NAME
Author name Bible Society Of India,
245 ## - TITLE STATEMENT
Title Dharam Shastar
260 ## - PUBLICATION, DISTRIBUTION, ETC. (IMPRINT)
Place of publication Bangalore
Name of publisher Bible Society of India
Year of publication 2000
300 ## - PHYSICAL DESCRIPTION
Number of Pages 366p
500 ## - GENERAL NOTE
General note includes index and biblioraphy
505 2# - FORMATTED CONTENTS NOTE
Formatted contents note Responce Sheet
650 ## - SUBJECT ADDED ENTRY--TOPICAL TERM
Topical Term Bible-Hindi
942 ## - ADDED ENTRY ELEMENTS (KOHA)
Koha item type Books
700 1# -
-- Bible Society Of India,
Holdings
Collection code Home library Current library Date acquired Cost, normal purchase price Full call number Accession Number Koha item type
  Henry Martyn Institute Library Henry Martyn Institute Library 05/14/2008 100.00 220.543 BIB 11001576 Books
                   Copyright © 2026 | Henry Martyn Institute | Hyderabad | TS-500052 | INDIA | Implemented by hmi.edu.in
Hit-Count:

Powered by Koha